Lessons from America: the role of business improvement districts as an agent of urban regeneration (Record no. 73472)
[ view plain ]
| 000 -LEADER | |
|---|---|
| fixed length control field | 00965cam a2200229 4500 |
| 001 - CONTROL NUMBER | |
| control field | ABS67106 |
| 008 - FIXED-LENGTH DATA ELEMENTS--GENERAL INFORMATION | |
| fixed length control field | 030926n2003 000 0 eng u |
| 035 ## - SYSTEM CONTROL NUMBER | |
| System control number | (Sirsi) u123737 |
| 100 ## - MAIN ENTRY--PERSONAL NAME | |
| Personal name | Symes, M. |
| 245 ## - TITLE STATEMENT | |
| Title | Lessons from America: the role of business improvement districts as an agent of urban regeneration |
| 260 ## - PUBLICATION, DISTRIBUTION, ETC. | |
| Date of publication, distribution, etc. | 2003 |
| 490 ## - SERIES STATEMENT | |
| Series statement | Town & Country Planning |
| Volume/sequential designation | 74(3) July 2003, 301-313(14) |
| 520 ## - SUMMARY, ETC. | |
| Summary, etc. | Highlights what can be learned from the American experience of Business Improvement Districts (BIDS) in terms of scale, scope, strengths, weaknesses and lessons. The UK government is planning to introduce legislation in 2004 which would enable cities to set up BIDS. Appendix lists internet BID sources. References. |
| 590 ## - LOCAL NOTE (RLIN) | |
| Local note | ABS |
| 650 ## - SUBJECT ADDED ENTRY--TOPICAL TERM | |
| Topical term or geographic name entry element | BUSINESS IMPROVEMENT DISTRICTS |
| 650 ## - SUBJECT ADDED ENTRY--TOPICAL TERM | |
| Topical term or geographic name entry element | UNITED STATES |
| 650 ## - SUBJECT ADDED ENTRY--TOPICAL TERM | |
| Topical term or geographic name entry element | URBAN REGENERATION |
| 650 ## - SUBJECT ADDED ENTRY--TOPICAL TERM | |
| Topical term or geographic name entry element | RETAIL DEVELOPMENT |
| 690 ## - LOCAL SUBJECT ADDED ENTRY--TOPICAL TERM (OCLC, RLIN) | |
| Topical term or geographic name as entry element | REGENERATION |
| 700 ## - ADDED ENTRY--PERSONAL NAME | |
| Personal name | Steel, M. |
| 942 ## - ADDED ENTRY ELEMENTS (KOHA) | |
| Suppress in OPAC | 0 |
| Withdrawn status | Lost status | Source of classification or shelving scheme | Damaged status | Not for loan | Home library | Current library | Shelving location | Date acquired | Total Checkouts | Full call number | Barcode | Date last seen | Copy number | Price effective from | Koha item type |
|---|---|---|---|---|---|---|---|---|---|---|---|---|---|---|---|
| Dewey Decimal Classification | London | London | Journal article | 26/09/2003 | ABS67106 | 123737-1001 | 06/08/2019 | 1 | 06/08/2019 | Journal article |